<?xml version="1.0" encoding="UTF-8"?>
<record
    xmlns:xsi="http://www.w3.org/2001/XMLSchema-instance"
    xsi:schemaLocation="http://www.loc.gov/MARC21/slim http://www.loc.gov/standards/marcxml/schema/MARC21slim.xsd"
    xmlns="http://www.loc.gov/MARC21/slim">

  <leader>00930nam a22001577a 4500</leader>
  <controlfield tag="003">OSt</controlfield>
  <controlfield tag="005">20151112145811.0</controlfield>
  <controlfield tag="008">151112b        xxu||||| |||| 00| 0 eng d</controlfield>
  <datafield tag="040" ind1=" " ind2=" ">
    <subfield code="c">RUA</subfield>
  </datafield>
  <datafield tag="082" ind1=" " ind2=" ">
    <subfield code="a">FOR LON 2005 B132 Or.1</subfield>
  </datafield>
  <datafield tag="100" ind1=" " ind2=" ">
    <subfield code="9">3612</subfield>
    <subfield code="a">LONG; SAVOEUN.</subfield>
  </datafield>
  <datafield tag="245" ind1=" " ind2=" ">
    <subfield code="a">Contribution on vegetative propagation acacia hybrid at hun sen pulp wood planing station samkeimeanchey district kampong chhnang province, &#x179C;&#x17B7;&#x1797;&#x17B6;&#x1782;&#x1791;&#x17B6;&#x1793;&#x1793;&#x17C3;&#x1780;&#x17B6;&#x179A;&#x179F;&#x17B7;&#x1780;&#x17D2;&#x179F;&#x17B6;&#x1780;&#x17B6;&#x179A;&#x1795;&#x179B;&#x17B7;&#x178F;&#x1780;&#x17BC;&#x1793;&#x1788;&#x17BE;&#x178A;&#x17C4;&#x1799;&#x1780;&#x17B6;&#x179A;&#x1780;&#x17B6;&#x178F;&#x17CB;&#x1798;&#x17C2;&#x1780;&#x1795;&#x17D2;&#x179F;&#x17B6;&#x17C6;&#x1793;&#x17C3;&#x1794;&#x17D2;&#x179A;&#x1797;&#x17C1;&#x1791; &#x17A2;&#x17B6;&#x1780;&#x17B6;&#x179F;&#x17D2;&#x1799;&#x17B6;&#x17A2;&#x17CA;&#x17B8;&#x1794;&#x17D2;&#x179A;&#x17CA;&#x17B8;&#x178F; &#x1793;&#x17C5;&#x179F;&#x17D2;&#x1790;&#x17B6;&#x1793;&#x17B8;&#x1799;&#x17CF;&#x178A;&#x17B6;&#x17C6;&#x1788;&#x17BE;&#x1798;&#x17D2;&#x179F;&#x17C9;&#x17C5;&#x1780;&#x17D2;&#x179A;&#x178A;&#x17B6;&#x179F; &#x17A0;&#x17CA;&#x17BB;&#x1793; &#x179F;&#x17C2;&#x1793; &#x179F;&#x17D2;&#x179A;&#x17BB;&#x1780;&#x179F;&#x17B6;&#x1798;&#x1782;&#x17D2;&#x1782;&#x17B8;&#x1798;&#x17B6;&#x1793;&#x1787;&#x17D0;&#x1799; &#x1781;&#x17C1;&#x178F;&#x17D2;&#x178F;&#x1780;&#x17C6;&#x1796;&#x1784;&#x17CB;&#x1786;&#x17D2;&#x1793;&#x17B6;&#x17C6;</subfield>
  </datafield>
  <datafield tag="260" ind1=" " ind2=" ">
    <subfield code="a">Phnom Penh</subfield>
    <subfield code="b">RUA</subfield>
    <subfield code="c">2005</subfield>
  </datafield>
  <datafield tag="300" ind1=" " ind2=" ">
    <subfield code="a">x; 56p.</subfield>
    <subfield code="b">ill.</subfield>
    <subfield code="c">29cm.</subfield>
  </datafield>
  <datafield tag="942" ind1=" " ind2=" ">
    <subfield code="2">ddc</subfield>
    <subfield code="c">FOR</subfield>
  </datafield>
  <datafield tag="999" ind1=" " ind2=" ">
    <subfield code="c">3364</subfield>
    <subfield code="d">3364</subfield>
  </datafield>
  <datafield tag="952" ind1=" " ind2=" ">
    <subfield code="0">0</subfield>
    <subfield code="1">0</subfield>
    <subfield code="2">ddc</subfield>
    <subfield code="4">0</subfield>
    <subfield code="6">FOR_LON_2005_000000000000000_B132_OR_1</subfield>
    <subfield code="7">0</subfield>
    <subfield code="9">15798</subfield>
    <subfield code="a">LBB</subfield>
    <subfield code="b">LBB</subfield>
    <subfield code="c">B132</subfield>
    <subfield code="d">2015-11-12</subfield>
    <subfield code="o">FOR LON 2005 B132 Or.1</subfield>
    <subfield code="p">RUA028158</subfield>
    <subfield code="r">2015-11-12</subfield>
    <subfield code="w">2015-11-12</subfield>
    <subfield code="y">FOR</subfield>
  </datafield>
  <datafield tag="952" ind1=" " ind2=" ">
    <subfield code="0">0</subfield>
    <subfield code="1">0</subfield>
    <subfield code="2">ddc</subfield>
    <subfield code="4">0</subfield>
    <subfield code="6">FOR_LON_2005_000000000000000_B132_OR_2</subfield>
    <subfield code="7">0</subfield>
    <subfield code="9">15799</subfield>
    <subfield code="a">LBB</subfield>
    <subfield code="b">LBB</subfield>
    <subfield code="c">B132</subfield>
    <subfield code="d">2015-11-12</subfield>
    <subfield code="o">FOR LON 2005 B132 Or.2</subfield>
    <subfield code="p">RUA010780</subfield>
    <subfield code="r">2015-11-12</subfield>
    <subfield code="w">2015-11-12</subfield>
    <subfield code="y">FOR</subfield>
  </datafield>
  <datafield tag="952" ind1=" " ind2=" ">
    <subfield code="0">0</subfield>
    <subfield code="1">0</subfield>
    <subfield code="2">ddc</subfield>
    <subfield code="4">0</subfield>
    <subfield code="6">FOR_LON_2005_000000000000000_B132_OR_3</subfield>
    <subfield code="7">0</subfield>
    <subfield code="9">15800</subfield>
    <subfield code="a">LBB</subfield>
    <subfield code="b">LBB</subfield>
    <subfield code="c">B132</subfield>
    <subfield code="d">2015-11-12</subfield>
    <subfield code="o">FOR LON 2005 B132 Or.3</subfield>
    <subfield code="p">RUA010189</subfield>
    <subfield code="r">2015-11-12</subfield>
    <subfield code="w">2015-11-12</subfield>
    <subfield code="y">FOR</subfield>
  </datafield>
  <datafield tag="952" ind1=" " ind2=" ">
    <subfield code="0">0</subfield>
    <subfield code="1">0</subfield>
    <subfield code="2">ddc</subfield>
    <subfield code="4">0</subfield>
    <subfield code="6">FOR_LON_2005_000000000000000_B132_OR_4</subfield>
    <subfield code="7">0</subfield>
    <subfield code="9">15801</subfield>
    <subfield code="a">LBB</subfield>
    <subfield code="b">LBB</subfield>
    <subfield code="c">B132</subfield>
    <subfield code="d">2015-11-12</subfield>
    <subfield code="o">FOR LON 2005 B132 Or.4</subfield>
    <subfield code="p">RUA016527</subfield>
    <subfield code="r">2015-11-12</subfield>
    <subfield code="w">2015-11-12</subfield>
    <subfield code="y">FOR</subfield>
  </datafield>
</record>
